Taekwondo kyorugi: la competición (Registro nro. 4672)

Detalles MARC
000 -Cabecera
Campo de control de longitud fija 00744aam a2200301 4500
005 - Fecha y hora de la última transacción
Campo de control 20260408170637.0
008 - Elementos de longitud fija--Información general
Campo de control de longitud fija 150416b2001 xxu||||| |||| 00| 0 spa d
020 ## - International Standard Book Number
Número Internacional Estándar del Libro (ISBN) 8425513766
041 ## - Idioma
Código de idioma Español
082 ## - Clasificación Decimal Dewey
Número de clasificación 796.815 M997t
100 ## - Entrada principal--Autor personal
Nombre personal Myong Lee, Kyong
9 (RLIN) 33814
245 ## - Título propiamente dicho
Título Taekwondo kyorugi: la competición
260 ## - Pie de imprenta
Lugar de publicación, distribución, etc. Estados Unidos
260 ## - Pie de imprenta
Nombre del editor, distribuidor, etc. Hispano Europea
260 ## - Pie de imprenta
Fecha de publicación, distribución, etc. 2001
300 ## - Descripción física
Extensión 155 páginas
490 ## - Serie
Título de la Serie Investigación Criminal
650 ## - Materia general
Temática (materia general) TAEKWONDO
650 ## - Materia general
Temática (materia general) CORTESÍA
650 ## - Materia general
Temática (materia general) COMPETENCIA
650 ## - Materia general
Temática (materia general) REGLAS DE COMPETENCIA
650 ## - Materia general
Temática (materia general) ESTRUCTURA
650 ## - Materia general
Temática (materia general) TÉCNICAS
650 ## - Materia general
Temática (materia general) ENTRETENIMIENTO
650 ## - Materia general
Temática (materia general) CONDICIÓN FÍSICA
650 ## - Materia general
Temática (materia general) TÁCTICAS
942 ## - Punto de acceso adicional KOHA
Tipo de ítem KOHA Libro
Fuente del sistema de clasificación o colocación Dewey Decimal Classification
Existencias
Signatura completa Código de barras Programa Académico Tipo de ítem
796.815 M997t 9067 Temática General Libro